000 01198nam a22003377a 4500
001 BR8105701
003 BR-BrBNA
005 20230928091043.0
007 ta
008 230509b bl.||||| |||| 00| 0 por d
040 _aBR-BrBNA
_bpor
_cBiblioteca Nacional de Agricultura
041 _a(Por)
072 _aF25; F00
_b1940
_b3820
_b8951
_b/G514
090 _ 1940 BR8105701
100 1 _aScheffer, S.M.
110 1 _aUniversidade Federal do Rio Grande do Sul, Porto Alegre (Brasil). Faculdade de Agronomia
_0Dissertacao (Mestrado)
245 1 _aEfeito de doses de nitrogenio, metodos de estabelecimento e regimes de corte no rendimento e qualidade da semente e da forragem de milheto (Pennisetum americanum (L.)Leeke)[Rio Grande do Sul, Brasil]
260 3 _aPorto Alegre, RS (Brasil):
_c1981.
300 _a141 p.
500 _a46 tables; 14 graphs; Bibliography p. 83-89 (66 ref.); Summaries (Eng, Por)
650 _aFERTILIZANTE NITROGENADO
650 _aNITROGENIO
650 _aRENDIMENTO
650 _aFORRAGEM
650 _aMILHETO
650 _aRIO GRANDE DO SUL
650 _aMATERIA SECA
650 _aSEMENTE
909 _a202309
_bLucia
_c55
_dLucia Elande
942 _cBK
999 _c31976
_d31976